[Event "76th ch-RUS 2023"]
[Site "St Petersburg RUS"]
[Date "2023.10.04"]
[Round "4.6"]
[White "Tomashevsky, Evgeny"]
[Black "Sychev, Klementy"]
[Result "1-0"]
[WhiteTitle "GM"]
[BlackTitle "GM"]
[WhiteElo "2694"]
[BlackElo "2552"]
[WhiteFideId "4147235"]
[BlackFideId "4114060"]
[EventDate "2023.10.01"]

1. Nf3 Nf6 2. c4 c5 3. Nc3 e6 4. e3 d5 5. cxd5 exd5 6. Bb5+ Nc6 7. d4 cxd4 8.
exd4 Bd6 9. Bg5 O-O 10. O-O Bg4 11. Be2 Be7 12. Re1 h6 13. Bh4 Re8 14. h3 Bxf3
15. Bxf3 Qb6 16. Bxf6 Bxf6 17. Nxd5 Rxe1+ 18. Qxe1 Qxd4 19. Rd1 Qe5 20. Nxf6+
Qxf6 21. Rd7 Ne5 22. Bxb7 Nxd7 23. Bxa8 Qxb2 24. Bd5 Nf6 25. Bb3 a5 26. Qe3 a4
27. Bc4 Qb1+ 28. Kh2 Qb8+ 29. g3 Qb2 30. Kg2 Qb4 31. Qd3 Qb7+ 32. Qf3 Qc8 33.
Bf1 Nd7 34. a3 Ne5 35. Qd5 Qc3 36. Qa8+ Kh7 37. Qxa4 Qf3+ 38. Kg1 Qb7 39. Qc2+
g6 40. Bg2 Qb5 41. Qc3 Nd7 42. Bf1 Qf5 43. a4 Ne5 44. Bg2 Nd3 45. Qc2 Qd7 46.
Qd2 1-0

[Event "76th ch-RUS 2023"]
[Site "St Petersburg RUS"]
[Date "2023.10.05"]
[Round "5.1"]
[White "Sychev, Klementy"]
[Black "Ponkratov, Pavel"]
[Result "1/2-1/2"]
[WhiteTitle "GM"]
[BlackTitle "GM"]
[WhiteElo "2552"]
[BlackElo "2595"]
[WhiteFideId "4114060"]
[BlackFideId "4157800"]
[EventDate "2023.10.01"]

1. e4 c5 2. Nf3 e6 3. d4 cxd4 4. Nxd4 Nc6 5. Nc3 Qc7 6. Nxc6 dxc6 7. f4 e5 8. f5
Nf6 9. g4 h6 10. Qf3 Bc5 11. Bd2 b5 12. a4 b4 13. Ne2 Bb7 14. Ng3 O-O-O 15.
O-O-O Rd4 16. Be2 Qa5 17. b3 Rhd8 18. Be3 Rxd1+ 19. Rxd1 Rxd1+ 20. Kxd1 Qd8+ 21.
Kc1 Bd4 22. h3 Ne8 23. Bd3 c5 24. Ne2 f6 25. Nxd4 cxd4 26. Bd2 a5 27. h4 Nd6 28.
g5 hxg5 29. hxg5 Kb8 30. gxf6 gxf6 31. Qg4 Qh8 32. Kb2 Ka7 33. Be1 Qh1 34. Bh4
Nxe4 35. Bxe4 Qxe4 36. Qxe4 Bxe4 37. Bxf6 Bxf5 38. Bxe5 d3 39. cxd3 Bxd3 1/2-1/2

[Event "76th ch-RUS 2023"]
[Site "St Petersburg RUS"]
[Date "2023.10.05"]
[Round "5.2"]
[White "Rozum, Ivan"]
[Black "Tomashevsky, Evgeny"]
[Result "1/2-1/2"]
[WhiteTitle "GM"]
[BlackTitle "GM"]
[WhiteElo "2531"]
[BlackElo "2694"]
[WhiteFideId "24104272"]
[BlackFideId "4147235"]
[EventDate "2023.10.01"]

1. d4 Nf6 2. c4 e6 3. Nf3 d5 4. g3 Bb4+ 5. Bd2 a5 6. Bg2 O-O 7. Qc2 c5 8. cxd5
cxd4 9. Nxd4 Qb6 10. e3 exd5 11. O-O Nc6 12. Nxc6 bxc6 13. Rc1 Rb8 14. Bxb4 Qxb4
15. b3 h5 16. h4 Bg4 17. Nd2 Rfc8 18. Nf3 c5 1/2-1/2

[Event "76th ch-RUS 2023"]
[Site "St Petersburg RUS"]
[Date "2023.10.05"]
[Round "5.3"]
[White "Lagno, Kateryna"]
[Black "Artemiev, Vladislav"]
[Result "0-1"]
[WhiteTitle "GM"]
[BlackTitle "GM"]
[WhiteElo "2546"]
[BlackElo "2697"]
[WhiteFideId "14109336"]
[BlackFideId "24101605"]
[EventDate "2023.10.01"]

1. e4 e6 2. d4 d5 3. e5 c5 4. c3 Bd7 5. Nf3 Qb6 6. Be2 Bb5 7. O-O Bxe2 8. Qxe2
cxd4 9. Nxd4 Nc6 10. Nf3 Nge7 11. Nbd2 Nf5 12. Nb3 Be7 13. Bf4 h6 14. Rad1 Qa6
15. Rd3 Qxa2 16. Nfd4 Nfxd4 17. Nxd4 Rc8 18. Rfd1 a6 19. Qg4 Nxd4 20. Rxd4 g6
21. Bc1 h5 22. Qf3 Rc4 23. h4 Rxd4 24. Rxd4 Qb1 25. Qd1 b5 26. g3 O-O 27. g4
hxg4 28. Rxg4 Qf5 29. Qe2 Rc8 30. Bg5 Bxg5 31. Rxg5 Qb1+ 32. Kg2 Rc4 33. Rg4
Rxg4+ 34. Qxg4 Qxb2 35. Qg5 Qe2 36. Qd8+ Kh7 0-1

[Event "76th ch-RUS 2023"]
[Site "St Petersburg RUS"]
[Date "2023.10.05"]
[Round "5.4"]
[White "Murzin, Volodar"]
[Black "Goryachkina, Aleksandra"]
[Result "1/2-1/2"]
[WhiteTitle "GM"]
[BlackTitle "GM"]
[WhiteElo "2633"]
[BlackElo "2558"]
[WhiteFideId "44155573"]
[BlackFideId "4147103"]
[EventDate "2023.10.01"]

1. d4 d5 2. c4 c6 3. Nf3 Nf6 4. Nc3 dxc4 5. a4 e6 6. e3 c5 7. Bxc4 cxd4 8. exd4
Nc6 9. O-O Be7 10. Qe2 O-O 11. Be3 b6 12. Rad1 Nb4 13. Ne5 Bb7 14. f4 Ne4 15. f5
exf5 16. Qh5 Bd5 17. Nxd5 Nxd5 18. Bh6 gxh6 19. Qxf5 Ndf6 20. Nxf7 Rxf7 21.
Bxf7+ Kg7 22. Be6 Qd6 23. Rfe1 Rf8 24. Rxe4 Nxe4 25. Qxe4 Rf4 26. Qd5 Qxd5 1/2-1/2

[Event "76th ch-RUS 2023"]
[Site "St Petersburg RUS"]
[Date "2023.10.05"]
[Round "5.5"]
[White "Timofeev, Artyom"]
[Black "Najer, Evgeniy"]
[Result "1/2-1/2"]
[WhiteTitle "GM"]
[BlackTitle "GM"]
[WhiteElo "2576"]
[BlackElo "2648"]
[WhiteFideId "4140419"]
[BlackFideId "4118987"]
[EventDate "2023.10.01"]

1. e4 e5 2. Nf3 Nc6 3. Bc4 Bc5 4. O-O Nf6 5. d3 d6 6. a3 a6 7. h3 Be6 8. Bxe6
fxe6 9. Be3 Bxe3 10. fxe3 O-O 11. Nbd2 1/2-1/2

[Event "76th ch-RUS 2023"]
[Site "St Petersburg RUS"]
[Date "2023.10.05"]
[Round "5.6"]
[White "Matlakov, Maxim"]
[Black "Esipenko, Andrey"]
[Result "1/2-1/2"]
[WhiteTitle "GM"]
[BlackTitle "GM"]
[WhiteElo "2674"]
[BlackElo "2683"]
[WhiteFideId "4168003"]
[BlackFideId "24175439"]
[EventDate "2023.10.01"]

1. d4 Nf6 2. c4 e6 3. Nf3 d5 4. Nc3 c5 5. cxd5 Nxd5 6. e4 Nxc3 7. bxc3 cxd4 8.
cxd4 Bb4+ 9. Bd2 Bxd2+ 10. Qxd2 O-O 11. Bc4 Nd7 12. O-O b6 13. Rfe1 Bb7 14. Re3
Nf6 15. Rae1 Rc8 16. Bb3 Re8 17. h3 Qc7 18. Ne5 Red8 19. Ng4 Nxe4 20. Rxe4 Bxe4
21. Rxe4 Qc1+ 22. Qxc1 Rxc1+ 23. Kh2 a5 24. d5 exd5 25. Bxd5 Kf8 26. Ne3 b5 27.
g4 Rc5 28. Rd4 1/2-1/2

[Event "76th ch-RUS 2023"]
[Site "St Petersburg RUS"]
[Date "2023.10.06"]
[Round "6.1"]
[White "Ponkratov, Pavel"]
[Black "Esipenko, Andrey"]
[Result "1-0"]
[WhiteTitle "GM"]
[BlackTitle "GM"]
[WhiteElo "2595"]
[BlackElo "2683"]
[WhiteFideId "4157800"]
[BlackFideId "24175439"]
[EventDate "2023.10.01"]

1. d4 d5 2. c4 e6 3. Nf3 Be7 4. g3 Nf6 5. Bg2 O-O 6. O-O dxc4 7. Qc2 c6 8. a4 b6
9. Na3 Bb7 10. Rd1 Qc8 11. Nxc4 c5 12. dxc5 Bxc5 13. b3 Nbd7 14. Qb2 Ng4 15. e3
Bd5 16. Qe2 Qb7 17. Bb2 Ngf6 18. a5 bxa5 19. Nxa5 Qc7 20. Rdc1 Qb6 21. Ne5 Bxg2
22. Kxg2 Rfc8 23. Nxd7 Nxd7 24. Qd3 Rc7 25. Qc3 Nf6 26. Ra4 Rac8 27. Rc4 Ne8 28.
Qd2 f6 29. Kh3 Nd6 30. Ra4 Qb5 31. Kg2 Rd7 32. Rd1 Bb6 33. Qd3 Rcc7 34. Qxb5
Nxb5 35. Rxd7 Rxd7 36. Nc4 Bc5 37. Ra5 Rb7 38. Ra6 Kf7 39. g4 Be7 40. Rc6 Rd7
41. Rc8 Rd3 42. Na5 Bb4 43. Rb8 a6 44. Rb7+ Kg6 45. Nc4 Rxb3 46. h4 Bf8 47. h5+
Kh6 48. e4 Rb4 49. Bc1+ g5 50. hxg6+ Kxg6 51. f4 Nd4 52. Rc7 Rb8 53. Rd7 Bc5 54.
f5+ exf5 55. exf5+ Nxf5 56. gxf5+ Kh5 57. Kf3 Rb3+ 58. Be3 h6 59. Rd1 Bxe3 60.
Nxe3 a5 61. Rh1+ Kg5 62. Rg1+ Kh5 63. Rg6 a4 64. Rxf6 a3 65. Ra6 Kg5 66. Ke4
Rb4+ 67. Ke5 Rb8 68. Rxa3 Re8+ 69. Kd4 h5 70. Ra1 h4 71. Rg1+ Kf4 72. Rg4+ Kf3
73. Rxh4 1-0

[Event "76th ch-RUS 2023"]
[Site "St Petersburg RUS"]
[Date "2023.10.06"]
[Round "6.2"]
[White "Najer, Evgeniy"]
[Black "Matlakov, Maxim"]
[Result "1/2-1/2"]
[WhiteTitle "GM"]
[BlackTitle "GM"]
[WhiteElo "2648"]
[BlackElo "2674"]
[WhiteFideId "4118987"]
[BlackFideId "4168003"]
[EventDate "2023.10.01"]

1. e4 e5 2. Nf3 Nc6 3. Nc3 Nf6 4. d4 exd4 5. Nxd4 Bb4 6. Nxc6 bxc6 7. Bd3 d5 8.
exd5 O-O 9. O-O cxd5 10. Bg5 c6 11. Qf3 Bd6 12. Rae1 Rb8 13. Nd1 h6 14. Bxf6
Qxf6 15. Qxf6 gxf6 16. b3 Be6 17. Ne3 Bc5 18. Nf5 h5 19. c3 1/2-1/2

[Event "76th ch-RUS 2023"]
[Site "St Petersburg RUS"]
[Date "2023.10.06"]
[Round "6.3"]
[White "Goryachkina, Aleksandra"]
[Black "Timofeev, Artyom"]
[Result "1-0"]
[WhiteTitle "GM"]
[BlackTitle "GM"]
[WhiteElo "2558"]
[BlackElo "2576"]
[WhiteFideId "4147103"]
[BlackFideId "4140419"]
[EventDate "2023.10.01"]

1. d4 d5 2. c4 e6 3. Nf3 Nf6 4. g3 Be7 5. Bg2 O-O 6. O-O dxc4 7. Qc2 c6 8. a4 b6
9. Na3 Bb7 10. Rd1 Bxa3 11. Rxa3 Nbd7 12. Qxc4 Rc8 13. b4 c5 14. dxc5 bxc5 15.
bxc5 Rxc5 16. Qb4 Qc8 17. Bb2 a5 18. Qe1 Nd5 19. Raa1 Nb4 20. Rac1 Nf6 21. Qd2
Rxc1 22. Rxc1 Qd8 23. Qg5 h6 24. Bxf6 Qxf6 25. Qxa5 Qb2 26. Re1 Bd5 27. Qc7 Na2
28. e4 Ba8 29. a5 Nc3 30. Qc4 Qa3 31. Nd4 Qb2 32. Nf3 Qa3 33. a6 Nxe4 34. Rxe4
Bxe4 35. Qxe4 Qxa6 36. h4 Qa1+ 37. Kh2 Qf6 38. Qe3 h5 39. Ng5 Rd8 40. Bf3 g6 41.
Kg2 Qd4 42. Qe2 Kg7 43. Be4 Qf6 44. Qc2 Rd7 45. Bc6 Ra7 46. Be8 Qe5 47. Qc6 Rc7
48. Qa8 Qf5 49. Qd8 Qd5+ 50. Qxd5 exd5 51. Kf3 Kf8 52. Bb5 Rc3+ 53. Ke2 Ke7 54.
Bd3 Ra3 55. Ke3 Ra4 56. Bf1 Ra3+ 57. Kd4 Ra2 58. Nh3 Kd6 59. Bb5 Rb2 60. Bd3
Rb4+ 61. Ke3 Ra4 62. Nf4 Ra3 63. Kd2 Ra2+ 64. Bc2 Ke5 65. Nd3+ Kd6 66. Kc3 Ra1
67. Kd4 Rf1 68. Bb3 f5 1-0

[Event "76th ch-RUS 2023"]
[Site "St Petersburg RUS"]
[Date "2023.10.06"]
[Round "6.4"]
[White "Artemiev, Vladislav"]
[Black "Murzin, Volodar"]
[Result "1-0"]
[WhiteTitle "GM"]
[BlackTitle "GM"]
[WhiteElo "2697"]
[BlackElo "2633"]
[WhiteFideId "24101605"]
[BlackFideId "44155573"]
[EventDate "2023.10.01"]

1. d4 d5 2. c4 e6 3. Nc3 Be7 4. Bf4 Nf6 5. e3 O-O 6. a3 b6 7. Rc1 c5 8. dxc5
bxc5 9. Nf3 Bb7 10. cxd5 Nxd5 11. Nxd5 Bxd5 12. Bd3 Nd7 13. e4 Bc6 14. O-O Qb6
15. Qc2 Bb5 16. Rfd1 Rac8 17. Bxb5 Qxb5 18. Qd3 Qxd3 19. Rxd3 Nb6 20. Kf1 f5 21.
exf5 Rxf5 22. Be5 Rff8 23. Re3 Kf7 24. Re4 Bf6 25. Rce1 Rfe8 26. g4 c4 27. g5
Bxe5 28. Nxe5+ Kg8 29. Rc1 Red8 30. Nxc4 Rd3 31. Kg2 Rb3 32. h4 g6 33. Na5 Rxc1
34. Nxb3 Rc2 35. Nd4 Rxb2 36. Nxe6 Kf7 37. Nd8+ Kf8 38. Ne6+ Kf7 39. Nd8+ Kf8
40. Nc6 Ra2 41. Re3 Nc4 42. Rc3 Nxa3 43. Nb4 Ra1 44. Rc8+ Kf7 45. Rc7+ Ke6 46.
Rxh7 Nc4 47. Nd3 Nd6 48. Nf4+ Kf5 49. Nxg6 1-0

[Event "76th ch-RUS 2023"]
[Site "St Petersburg RUS"]
[Date "2023.10.06"]
[Round "6.5"]
[White "Tomashevsky, Evgeny"]
[Black "Lagno, Kateryna"]
[Result "1/2-1/2"]
[WhiteTitle "GM"]
[BlackTitle "GM"]
[WhiteElo "2694"]
[BlackElo "2546"]
[WhiteFideId "4147235"]
[BlackFideId "14109336"]
[EventDate "2023.10.01"]

1. c4 e6 2. Nc3 d5 3. d4 Nf6 4. cxd5 exd5 5. Bg5 Be7 6. e3 O-O 7. Bd3 Re8 8.
Nge2 Nbd7 9. O-O c6 10. Qc2 Nf8 11. Rad1 g6 12. f3 Ne6 13. Bh4 Nh5 14. Bxe7 Qxe7
15. Qd2 Rd8 16. Bc2 b5 17. Nc1 a5 18. Rfe1 Ba6 19. Nd3 Rac8 20. b4 axb4 21. Ne2
Bb7 22. Qxb4 Qxb4 23. Nxb4 Nf6 24. Bb3 Nd7 25. Nc3 Nb6 26. e4 Na4 27. Bxa4 bxa4
28. exd5 cxd5 29. Nxa4 Rc4 30. a3 Rxd4 31. Rxd4 Nxd4 32. Nc5 Ba8 33. a4 Nc6 34.
Nbd3 d4 35. Kf2 Na5 36. Re7 Bd5 37. Rc7 Kg7 38. Nf4 Rd6 39. Ra7 Nb3 40. Ncd3 g5
41. Nh5+ Kf8 42. Ng3 Be6 43. Ne4 Rc6 44. Nxg5 Rc3 45. Nxe6+ fxe6 46. Ne5 d3 47.
Nxd3 Rxd3 1/2-1/2

[Event "76th ch-RUS 2023"]
[Site "St Petersburg RUS"]
[Date "2023.10.08"]
[Round "7.1"]
[White "Rozum, Ivan"]
[Black "Ponkratov, Pavel"]
[Result "0-1"]
[WhiteTitle "GM"]
[BlackTitle "GM"]
[WhiteElo "2531"]
[BlackElo "2595"]
[WhiteFideId "24104272"]
[BlackFideId "4157800"]
[EventDate "2023.10.01"]

1. d4 Nf6 2. c4 g6 3. Nc3 Bg7 4. e4 O-O 5. Nf3 d6 6. Be2 e5 7. O-O Nbd7 8. Re1
b6 9. Bf1 h6 10. Rb1 Re8 11. g3 a6 12. b3 Nh7 13. Be3 Ndf6 14. d5 Ng4 15. Bd2 f5
16. Nh4 fxe4 17. Nxe4 g5 18. Ng2 Ngf6 19. Nxf6+ Qxf6 20. Bd3 g4 21. Qe2 e4 22.
Bc2 Qf7 23. b4 h5 24. Bf4 a5 25. Ba4 axb4 26. Bxe8 Qxe8 27. Rxb4 Bc3 28. Rbb1
Bxe1 29. Rxe1 Bf5 30. Nh4 Qf7 31. Nxf5 Qxf5 32. Qc2 Nf8 33. Be3 Ng6 34. Bd4 Re8
35. Qd2 Kh7 36. a4 h4 37. a5 h3 38. Re3 bxa5 39. Qxa5 c5 40. Bb2 Rf8 41. Qd2 Rb8
42. Qc2 Kg8 43. Kf1 Kf7 44. Bc3 Re8 45. Qe2 Nf8 46. Qa2 Nh7 47. Qa7+ Re7 48. Qb8
Qd7 49. Qh8 Kg6 50. Bd2 Re8 51. Qb2 Qa4 52. Qc1 Qd7 53. Rb3 Qf5 54. Rb6 Nf6 55.
Rxd6 e3 56. Bxe3 Qd3+ 57. Kg1 Rb8 58. Qe1 Qe4 59. f3 Qxf3 60. Rxf6+ Kxf6 61.
Bg5+ Kxg5 62. Qe5+ Kg6 63. Qd6+ Qf6 64. Qxb8 Qd4+ 65. Kf1 Qxc4+ 66. Ke1 Qe4+ 67.
Kf2 Qxd5 68. Qb6+ Kf5 69. Qb8 Qf3+ 70. Ke1 Qh1+ 71. Kd2 Qxh2+ 72. Kd3 c4+ 73.
Kc3 Qe2 74. Qf8+ Ke4 75. Qf4+ Kd5 76. Qf7+ Qe6 77. Qb7+ Ke5 78. Qc7+ Kf6 79.
Qd8+ Kf5 80. Kb4 Ke4 81. Qa8+ Ke3 82. Qb8 Qe4 83. Qf8 Ke2 84. Qh8 Kf2 0-1

[Event "76th ch-RUS 2023"]
[Site "St Petersburg RUS"]
[Date "2023.10.08"]
[Round "7.3"]
[White "Murzin, Volodar"]
[Black "Tomashevsky, Evgeny"]
[Result "1/2-1/2"]
[WhiteTitle "GM"]
[BlackTitle "GM"]
[WhiteElo "2633"]
[BlackElo "2694"]
[WhiteFideId "44155573"]
[BlackFideId "4147235"]
[EventDate "2023.10.01"]

1. Nf3 d5 2. g3 g6 3. Bg2 Bg7 4. d4 Nf6 5. O-O O-O 6. c4 dxc4 7. Nc3 c6 8. e4
Bg4 9. h3 Bxf3 10. Bxf3 Na6 11. Be3 e5 12. d5 Qd7 1/2-1/2

[Event "76th ch-RUS 2023"]
[Site "St Petersburg RUS"]
[Date "2023.10.08"]
[Round "7.4"]
[White "Timofeev, Artyom"]
[Black "Artemiev, Vladislav"]
[Result "0-1"]
[WhiteTitle "GM"]
[BlackTitle "GM"]
[WhiteElo "2576"]
[BlackElo "2697"]
[WhiteFideId "4140419"]
[BlackFideId "24101605"]
[EventDate "2023.10.01"]

1. d4 Nf6 2. c4 e6 3. Nf3 d5 4. g3 Bb4+ 5. Bd2 Bd6 6. Bg2 O-O 7. O-O Nbd7 8. Bc3
b6 9. Nbd2 Bb7 10. e3 c5 11. b3 Rc8 12. Bb2 Be7 13. Rc1 Ne4 14. Rc2 Nxd2 15.
Rxd2 Nf6 16. Ne5 cxd4 17. Bxd4 Bb4 18. Rd3 Qe7 19. cxd5 exd5 20. Bb2 Ba6 21. Ng4
Nxg4 22. Qxg4 f5 23. Qd1 Bxd3 24. Qxd3 Kh8 25. h4 Ba3 26. Ba1 Bd6 27. Qxd5 Rc5
28. Qd3 Be5 29. Bxe5 Qxe5 30. Bf3 Rc3 31. Qa6 Qe7 32. Kg2 Rd8 33. Qb5 g6 34. Qe2
Rcd3 35. Qb2+ Qg7 36. Qa3 Rd2 37. Qa6 Qc7 38. Re1 Qc2 39. Re2 Rxe2 40. Bxe2 Rd2
41. Kf1 Qc7 42. a4 Kg7 43. Qb5 Kh6 44. Qb4 Qd6 45. Qxd6 Rxd6 46. Ke1 Kg7 47. Bc4
Kf6 48. f4 Ke7 49. Ke2 Rd8 50. e4 fxe4 51. Ke3 Rd1 52. Kxe4 Rg1 53. Kf3 Rc1 54.
Kg4 Rc3 55. h5 gxh5+ 56. Kh4 Kf6 57. Bg8 h6 58. Bc4 Kg7 59. Be6 Kg6 60. Bc4 Rc1
61. Bd5 Kg7 62. Be4 Rc3 63. Bd5 Rc2 64. Kh3 Rb2 65. Be6 Kg6 66. Bc4 Kf6 67. Bg8
Rb1 68. Bc4 Rc1 69. Bg8 Rh1+ 70. Kg2 Rb1 71. Kh3 a6 72. Bc4 a5 73. Bg8 Rb2 74.
Bc4 Ke7 75. Bg8 Kd6 76. Bc4 Kc5 77. Bf7 Kd4 78. Be6 Ke4 79. Bf7 Kf5 80. Bxh5
Rxb3 81. Be8 Ke6 82. Kh4 Ke7 83. Bc6 Kd6 84. Be8 b5 85. axb5 a4 86. g4 Ke7 87.
Bc6 a3 0-1

[Event "76th ch-RUS 2023"]
[Site "St Petersburg RUS"]
[Date "2023.10.08"]
[Round "7.5"]
[White "Matlakov, Maxim"]
[Black "Goryachkina, Aleksandra"]
[Result "1-0"]
[WhiteTitle "GM"]
[BlackTitle "GM"]
[WhiteElo "2674"]
[BlackElo "2558"]
[WhiteFideId "4168003"]
[BlackFideId "4147103"]
[EventDate "2023.10.01"]

1. e4 e5 2. Nf3 Nc6 3. Bc4 Bc5 4. c3 Nf6 5. d3 d6 6. O-O h6 7. Re1 O-O 8. Nbd2
Bb6 9. h3 a5 10. Bb3 Be6 11. Ba4 Bd7 12. Nf1 Re8 13. Ng3 Ne7 14. Bc2 Ng6 15. d4
c5 16. d5 c4 17. a4 Qc8 18. Be3 Bxe3 19. Rxe3 Nf4 20. Nd2 Qc5 21. Ne2 Ng6 22.
Ng3 Nf4 23. Ngf1 Reb8 24. Re1 b5 25. Ne3 bxa4 26. Ndxc4 Bb5 27. Na3 Ba6 28. Ra2
Rb6 29. Qd2 Rab8 30. Nd1 Rb3 31. Kh2 Nd7 32. g3 Ng6 33. Nb1 Qb5 34. Bxb3 axb3
35. Ra1 Nc5 36. f3 a4 37. Nf2 Qd7 38. Qe3 f5 39. exf5 Qxf5 40. Ne4 Nd3 41. Rxa4
Nxe1 42. Qxe1 Bb7 43. Rb4 Qxf3 44. c4 Qf8 45. Rb6 Ne7 46. Nbd2 Ba8 47. Rxd6 Nf5
48. Re6 Qb4 49. Rxe5 Rf8 50. Nc3 Nd6 51. Qe2 Qb6 52. Kg2 Bb7 53. Re7 Bc8 54. Qe3
Qd8 55. g4 Bd7 56. c5 Nf7 57. Nf3 h5 58. g5 Qc8 59. Nh4 Bxh3+ 60. Qxh3 Qxc5 61.
Qe3 Qxe3 62. Re6 Qe4+ 63. Rxe4 Nxg5 64. Re3 Rd8 65. d6 Nf7 66. Nf5 g6 67. Nb5
Kh7 68. Ne7 g5 69. Re6 Rc8 70. Nc6 Ra8 71. d7 Ra2 72. Re2 1-0

[Event "76th ch-RUS 2023"]
[Site "St Petersburg RUS"]
[Date "2023.10.08"]
[Round "7.6"]
[White "Esipenko, Andrey"]
[Black "Najer, Evgeniy"]
[Result "1-0"]
[WhiteTitle "GM"]
[BlackTitle "GM"]
[WhiteElo "2683"]
[BlackElo "2648"]
[WhiteFideId "24175439"]
[BlackFideId "4118987"]
[EventDate "2023.10.01"]

1. e4 c5 2. Nf3 e6 3. d4 cxd4 4. Nxd4 Nf6 5. Nc3 Nc6 6. a3 d6 7. Be3 Be7 8. Qe2
e5 9. Nb3 O-O 10. O-O-O a5 11. Nc5 Rb8 12. f3 Ne8 13. N5a4 Bg5 14. Bxg5 Qxg5+
15. Qd2 Qe7 16. Nb5 Be6 17. Nac3 Kh8 18. Nd5 Qd7 19. Kb1 f5 20. exf5 Bxf5 21.
Bd3 Rd8 22. Bxf5 Qxf5 23. Qd3 Qh5 24. Rd2 h6 25. h3 Qg5 26. Rhd1 Ne7 27. h4 Qxh4
28. g3 Qg5 29. f4 exf4 30. Nxf4 Qg4 31. Re1 Nf5 32. Ne6 Nf6 33. Nxd8 Rxd8 34.
Rf2 Nxg3 35. Nxd6 1-0

[Event "76th ch-RUS 2023"]
[Site "St Petersburg RUS"]
[Date "2023.10.09"]
[Round "8.1"]
[White "Ponkratov, Pavel"]
[Black "Najer, Evgeniy"]
[Result "1/2-1/2"]
[WhiteTitle "GM"]
[BlackTitle "GM"]
[WhiteElo "2595"]
[BlackElo "2648"]
[WhiteFideId "4157800"]
[BlackFideId "4118987"]
[EventDate "2023.10.01"]

1. Nf3 d5 2. g3 Nf6 3. c4 g6 4. Bg2 Bg7 5. O-O O-O 6. d4 dxc4 7. Na3 c5 8. dxc5
c3 9. Nd4 Na6 10. c6 Nd5 11. Nab5 Nab4 12. e4 cxb2 13. Bxb2 Nc7 14. cxb7 Bxb7
15. Nxc7 Qxc7 16. Ne6 fxe6 17. Bxg7 Kxg7 18. Qd4+ 1/2-1/2

[Event "76th ch-RUS 2023"]
[Site "St Petersburg RUS"]
[Date "2023.10.09"]
[Round "8.2"]
[White "Goryachkina, Aleksandra"]
[Black "Esipenko, Andrey"]
[Result "1/2-1/2"]
[WhiteTitle "GM"]
[BlackTitle "GM"]
[WhiteElo "2558"]
[BlackElo "2683"]
[WhiteFideId "4147103"]
[BlackFideId "24175439"]
[EventDate "2023.10.01"]

1. d4 Nf6 2. c4 e6 3. g3 d5 4. Nf3 dxc4 5. Bg2 a6 6. O-O Nc6 7. Nc3 Rb8 8. e4
Be7 9. d5 exd5 10. exd5 Nb4 11. Ne5 Bf5 12. Nxc4 O-O 13. a3 Nd3 14. Be3 b5 15.
Na5 c5 16. Nc6 Qd7 17. Nxb8 Rxb8 18. Ra2 Bd6 19. b3 Be5 20. Ne2 Rc8 21. Rd2 Nb2
22. Qc1 Nd3 23. Qd1 c4 24. bxc4 bxc4 25. Bd4 Bxd4 26. Nxd4 Be4 27. Bxe4 Nxe4 28.
Rc2 Re8 29. Nc6 Qxd5 30. Nb4 Qd4 31. Rxc4 Qxc4 32. Qxd3 Qxd3 1/2-1/2

[Event "76th ch-RUS 2023"]
[Site "St Petersburg RUS"]
[Date "2023.10.09"]
[Round "8.3"]
[White "Artemiev, Vladislav"]
[Black "Matlakov, Maxim"]
[Result "1/2-1/2"]
[WhiteTitle "GM"]
[BlackTitle "GM"]
[WhiteElo "2697"]
[BlackElo "2674"]
[WhiteFideId "24101605"]
[BlackFideId "4168003"]
[EventDate "2023.10.01"]

1. Nf3 d5 2. g3 Nf6 3. Bg2 c5 4. O-O g6 5. c4 Bg7 6. cxd5 Nxd5 7. d4 cxd4 8.
Nxd4 O-O 9. Nc3 Nxc3 10. bxc3 Nc6 11. Nxc6 bxc6 12. Qa4 Bxc3 13. Rb1 Bf5 14. Rb7
Rb8 15. Qxa7 Ra8 16. Qc5 Bd4 17. Qxe7 Qxe7 18. Rxe7 Rxa2 19. Bh6 Rc8 20. Bxc6
Bf6 21. Bd5 Bxe7 22. Bxa2 g5 23. Bd5 Rd8 24. Rd1 Be6 25. e4 Rd6 26. Rb1 f5 27.
Rb7 Bxd5 28. exd5 Bf6 29. Rb5 Be7 30. Rb7 Bf6 31. Kg2 Rxd5 32. h3 Rc5 33. g4
fxg4 34. hxg4 Rc4 35. Kh3 Rc3+ 36. Kg2 1/2-1/2

[Event "76th ch-RUS 2023"]
[Site "St Petersburg RUS"]
[Date "2023.10.09"]
[Round "8.4"]
[White "Tomashevsky, Evgeny"]
[Black "Timofeev, Artyom"]
[Result "1/2-1/2"]
[WhiteTitle "GM"]
[BlackTitle "GM"]
[WhiteElo "2694"]
[BlackElo "2576"]
[WhiteFideId "4147235"]
[BlackFideId "4140419"]
[EventDate "2023.10.01"]

1. c4 c6 2. Nf3 d5 3. e3 Nf6 4. d4 Bf5 5. Nc3 e6 6. Nh4 Be4 7. f3 Bg6 8. Qb3 Qc7
9. Bd2 Be7 10. Nxg6 hxg6 11. O-O-O Nbd7 12. Kb1 Nb6 13. cxd5 Nfxd5 14. e4 Nxc3+
15. Bxc3 Rxh2 16. Rxh2 Qxh2 17. a4 Qc7 18. a5 Nd7 19. d5 exd5 20. exd5 Nc5 21.
Qc2 O-O-O 22. Bc4 cxd5 23. Rxd5 Rxd5 24. Bxd5 Bf6 25. Bb4 Ne6 26. Qe4 a6 27. Bd2
Qd7 28. Qc4+ Kb8 29. Be3 Bd8 30. Bd2 g5 31. Kc2 Nf4 32. Bxf4+ gxf4 33. Qxf4+
Qc7+ 34. Qxc7+ Bxc7 35. Bxf7 1/2-1/2

[Event "76th ch-RUS 2023"]
[Site "St Petersburg RUS"]
[Date "2023.10.09"]
[Round "8.5"]
[White "Sychev, Klementy"]
[Black "Murzin, Volodar"]
[Result "0-1"]
[WhiteTitle "GM"]
[BlackTitle "GM"]
[WhiteElo "2552"]
[BlackElo "2633"]
[WhiteFideId "4114060"]
[BlackFideId "44155573"]
[EventDate "2023.10.01"]

1. d4 Nf6 2. c4 g6 3. Nc3 Bg7 4. e4 O-O 5. Nf3 d6 6. Be2 e5 7. O-O Nc6 8. d5 Ne7
9. b4 a5 10. bxa5 Rxa5 11. a4 Ne8 12. Nd2 f5 13. Nb3 Ra8 14. c5 fxe4 15. Nxe4
Bf5 16. cxd6 cxd6 17. Nc3 Rc8 18. Bb2 Nf6 19. Ra3 Kh8 20. a5 Ne4 21. Nb5 Bd7 22.
Qd3 Nc5 23. Qd1 Nf5 24. Nd2 Ra8 25. Bc3 Nd4 26. Nxd4 exd4 27. Bb4 d3 28. Bxd3
Nxd3 29. Rxd3 Bb5 30. Ne4 Be5 31. g3 b6 32. axb6 Bxd3 33. Qxd3 Qxb6 34. Bc3 Rae8
35. Ng5 Kg8 36. Bd2 Rb8 37. Ne6 Rfc8 38. Qf3 Qb3 39. Be3 Qd3 40. Rd1 Rb1 41.
Rxb1 Qxb1+ 42. Kg2 Qf5 43. Qxf5 gxf5 44. Kf3 Ra8 45. h3 Ra5 46. Nc7 Kf7 47. g4
Kg6 48. Ne6 Rxd5 49. Nf8+ Kg7 50. Ne6+ Kf6 51. Nf8 Kg7 52. Ne6+ Kf7 53. gxf5 Bf6
54. Ke4 Re5+ 55. Kf4 Ra5 56. Ke4 d5+ 57. Kd3 Ra3+ 58. Ke2 Be5 59. Ng5+ Kf6 60.
Nxh7+ Kxf5 61. Ng5 Rxe3+ 62. Kxe3 d4+ 0-1